000 00762nam a22002297a 4500
003 OSt
005 20250709012121.0
008 250709b |||||||| |||| 00| 0 eng d
020 _a971-8686-20-7
040 _aDWC-Main Lib
_cOC
082 _aFil. 302.23 H697n 1998
100 _aHolifeña, Saul Jr.
245 _aNews for sale:
_bthe corruption of the Philippine media/
_cSaul Jr. Holifeña
260 _aQuezon City: PCIJ:
_bCenter for Media Freedom and Responsibility,
_cc1998.
300 _axvi, 131 pages;
_c22cm.
504 _aIncludes appendices.
650 _a1. Crime in mass media.
650 _a 2. Mass media.
650 _a3. Communication-Corrupt practices.
650 _a4. Mass media-Political aspects.
942 _2ddc
_cBK - FIL
_kFil.
_n0
999 _c3500
_d3500